| 000 | 00478nam a22001577a 4500 | ||
|---|---|---|---|
| 005 | 20251030093721.0 | ||
| 008 | 251030b |||||||| |||| 00| 0 eng d | ||
| 020 | _a9780443071577 | ||
| 050 |
_aRT84.5 _b.A67 |
||
| 245 |
_aApplying Roper-Logan-Tierney Model in Practice _cKaren Holland et al., |
||
| 260 |
_aEdinburgh _bElsevier Churchill Livingstone _c2006 |
||
| 300 |
_ax. 464p. _bill. color _c27.5cm |
||
| 500 | _aincludes index | ||
| 700 | _aHolland, Karen | ||
| 942 |
_2lcc _cBK _n0 |
||
| 999 |
_c7928 _d7928 |
||